000 00938nam a2200229 i 4500
001 184655
003 ES-MaACL
005 20251207063034.0
008 151030s1945 sp |||| | spa d
100 1 _aCárdenas, Juan de,
_d1563-1609
_9158053
245 1 0 _aProblemas y secretos maravillosos de las Indias /
_cpor Juan de Cárdenas.
260 _aMadrid :
_bCultura Hispánica,
_c1945.
300 _a3 h., 8 fac., 246 fol. ;
_c28 cm.
490 1 _aColección de incunables americanos. Siglo XVI ;
_v9
534 _pReprod. de la ed. de:
_cEn Mexico : en casa de Pedro Ocharte, 1591.
650 _aNaturaleza-
_zAmérica-
_vObras anteriores a 1800.
_9174391
650 4 _aIncunables-
_zMéxico.
_9158047
651 _aAmérica española-
_xDescripción-
_vObras anteriores a 1800.
_9172691
830 1 _aColección de incunables americanos. Siglo XVI ;
_v9
_9184950
852 _aES-MaACL
_jB-13822
999 _c184655
_d184655